[Event "Morava-ch U14"]
[Site "Bystrice nad Pernstejnem"]
[Date "2024.11.01"]
[Round "9"]
[White "Peskova, Sara"]
[Black "Kulhavy, Hynek"]
[Result "1/2-1/2"]
[WhiteElo "1631"]
[BlackElo "1132"]
[PlyCount "79"]
[EventDate "2024.10.26"]
[EventType "swiss"]
[EventRounds "9"]
[EventCountry "CZE"]
[SourceTitle "CB45_2024"]
[Source "ChessBase"]
[SourceDate "2024.11.06"]
[SourceVersion "1"]
[SourceVersionDate "2024.11.06"]
[SourceQuality "1"]

1. e4 c5 2. Nf3 Nc6 3. d4 cxd4 4. Nxd4 g6 5. Nc3 Bg7 6. Be3 Nf6 7. Bc4 0-0 8. Bb3 d6 9. f3 Qb6 10. Nf5 Qc7 11. Nxg7 Kxg7 12. Qd2 Rd8 13. 0-0-0 Qa5 14. g4 Be6 15. Bxe6 fxe6 16. h4 Kf7 17. Bh6 Rg8 18. Qf4 Qe5 19. Ne2 Qxf4+ 20. Bxf4 e5 21. Bh6 Rac8 22. a3 Rgd8 23. Be3 e6 24. g5 Nh5 25. Nc3 Nf4 26. Nb5 d5 27. exd5 exd5 28. Nxa7 Nxa7 29. Bxa7 d4 30. Rhe1 Ke6 31. Bxd4 Kf7 32. Rxe5 Rc4 33. Re4 Rdxd4 34. Rexd4 Rxd4 35. Rxd4 Ne2+ 36. Kd2 Nxd4 37. Ke3 Nf5+ 38. Ke4 Nxh4 39. c4 Ke6 40. b4 1/2-1/2

[Event "Morava-ch U14"]
[Site "Bystrice nad Pernstejnem"]
[Date "2024.10.30"]
[Round "6"]
[White "Vanicek, Vojtech1"]
[Black "Kulhavy, Hynek"]
[Result "1-0"]
[WhiteElo "1505"]
[BlackElo "1132"]
[PlyCount "79"]
[EventDate "2024.10.26"]
[EventType "swiss"]
[EventRounds "9"]
[EventCountry "CZE"]
[SourceTitle "CB45_2024"]
[Source "ChessBase"]
[SourceDate "2024.11.06"]
[SourceVersion "1"]
[SourceVersionDate "2024.11.06"]
[SourceQuality "1"]

1. d4 Nf6 2. c4 g6 3. Nc3 d5 4. cxd5 Nxd5 5. e4 Nxc3 6. bxc3 Bg7 7. Nf3 0-0 8. Bc4 c5 9. 0-0 Nc6 10. Be3 Na5 11. Qd3 Bg4 12. Nd2 cxd4 13. cxd4 Rc8 14. Rac1 e5 15. d5 Qd6 16. Nb3 Nxc4 17. Rxc4 b6 18. Rfc1 Rxc4 19. Rxc4 Bd7 20. Qc2 Bb5 21. Rc7 a6 22. f3 f5 23. Rc8 fxe4 24. fxe4 Qf6 25. Rxf8+ Bxf8 26. Qf2 Qxf2+ 27. Kxf2 Bd3 28. Nd2 b5 29. Kf3 a5 30. Nb3 a4 31. Nc5 a3 32. Nxd3 b4 33. Nc1 Kf7 34. Nb3 Kf6 35. Bc5 Bxc5 36. Nxc5 Ke7 37. Ke3 Kd6 38. Nb3 Kd7 39. Kd3 h5 40. h4 1-0